000
00335pab a2200145 454500
008
180718b1988 xxu||||| |||| 00| 0 eng d
100
_a
Subhas Chandra
245
_a
Better deal for Solar energy
260
_c
1988
300
_a
15-16
362
_a
18 Sept.
650
_a
Solar Energy
773
_a
Democratic World
909
_a
18461
999
_c
18461
_d
18461